00659nam a2200217Ia 4500001001000000003000500010008004100015010001100056040000900067082001700076100001900093245006700112260002400179300000800203505009200211650001900303650004200322650002800364650003200392700001700424Para_6325CHAP220125s1984 xx 000 0 und d a205056 cCHAP aPA 595.7 R5y aRichards, O.W. aTratado de entomología Imms /c por O. W. R. y R. G. Davies aBarcelona :b Omega a2v. aContenido: v.1 Estructura, fisiología y desarrollo / v.2 Clasificación y biología aEntomología  aInsectos x anatomía y fisología  aInsectos x biología  aInsectos x Clasificación aDavies, R.G.